000 00345nam a2200157Ia 4500
008 210210b1929 xxu||||| |||| 00| 0 eng d
041 _aeng
082 _a539/66
100 _aLODGE (Oliver)
245 _aEnergy
260 _aLondon
_bErnest Benn Limited
_c1929
300 _a79
650 _aEnergy
690 _aPhysics
906 _a009082
999 _c127861
_d127861